000 00980cam a2200301 i 4500
001 18133969
003 EG-ScBUE
005 20250615095914.0
008 140430s2014 enka f 001 0 eng d
020 _a9781118877739
040 _aDLC
_beng
_erda
_cDLC
_dDLC
_dEG-ScBUE
082 0 4 _222
_a536.412
_bEIM
100 1 _aEimer, D.
_q(Dag)
_eauthor.
245 1 0 _aGas treating :
_babsorption theory and practice /
_cDag A. Eimer, Tel-Tek and Telemark University College, Norway.
264 1 _aChichester :
_bJohn Wiley & Sons,
_c2014.
300 _axxviii, 410 pages :
_billustrations ;
_c24 cm
336 _2rdacontent
_atext
_btxt
337 _aunmediated
_2rdamedia
_bn
338 _avolume
_bnc
_2rdacarrier
500 _aIncludes index.
650 7 _aGases
_xAbsorption and adsorption.
_2BUEsh
650 7 _aGases
_xPurification.
_2BUEsh
_941767
650 7 _aGases.
_2BUEsh
651 _2BUEsh
653 _bENGPET
_cJanuary2017
655 _vReading book
942 _2ddc
_cBB
999 _c23897
_d23869